Normal view
MARC view
- Spandau Ballet
Entry Personal Name
001 - CONTROL NUMBER
- control field: 16694
003 - CONTROL NUMBER IDENTIFIER
- control field: IT-RoPau
005 - DATE AND TIME OF LATEST TRANSACTION
- control field: 20140314213242.0
008 - FIXED-LENGTH DATA ELEMENTS
- fixed length control field: 140314|| aca||aabn | a|a d
040 ## - CATALOGING SOURCE
- Original cataloging agency: IT-RoPau
- Transcribing agency: IT-RoPau
100 ## - HEADING--PERSONAL NAME
- Personal name: Spandau Ballet
- Relator term: Autore testo e musica
- Miscellaneous information: Codice autore testo/musica SPICS: 9875
670 ## - SOURCE DATA FOUND
- Source citation: Work cat.: (IT-RoPau)102096: Spandau Ballet 16691, Journeys To Glory. Lifeline. Live & Let Live